| 000 | 00755nam a22001937a 4500 | ||
|---|---|---|---|
| 003 | 0 | ||
| 005 | 20240911123436.0 | ||
| 008 | 240911b xxu||||| |||| 00| 0 eng d | ||
| 020 | _a978-1-03-238361-3 | ||
| 050 |
_aTR 858 _b.P47 2024 |
||
| 100 | _aPerez, Victor | ||
| 245 |
_aThe color management handbook for visual effects artists _bdigital color principles, color management fundamentals & ACES workflows _cVictor Perez |
||
| 260 |
_aNew York _bRoutledge _c2023 |
||
| 300 |
_axiv, 231 pages : _bblack and white illustrations ; _c28cm. |
||
| 504 | _aIncludes bibliographical references and index. | ||
| 650 | _aColor cinematography--Handbooks, manuals, etc. | ||
| 650 | _aCinematography--Special effects--Handbooks, manulas, etc. | ||
| 942 |
_2lcc _cBK |
||
| 999 |
_c366219 _d366219 |
||